Anuario fiscal 2000

Detalles Bibliográficos
Autor Corporativo: Espaą
Otros Autores: Calvo Ortega, Rafael (Conductor)
Formato: Desconocido
Lenguaje:español
Publicado: Madrid: Erdesa, 2001
Materias:
Acceso en línea:Acceso restringido

MARC

LEADER 00000ny a22000003n 4500
005 20110601145224.0
008 080508t2001 sp s 000 0 spa c
020 |a 8484940012 
035 |a 204 
040 |a UMA.RE  |d vLex 
080 |a 336.2:351.713(460)(0.034) 
080 |a 351.713(460)(0.034) 
080 |a 351.713:336.2(460)(0.034) 
090 |c 422  |d 422 
110 1 |a Espaą 
240 1 0 |a Leyes, etc., Impuestos 
245 1 0 |a Anuario fiscal 2000  |h [Recurso electrn̤ico]  |c Rafael Calvo Ortega (direccin̤)... [et al.] 
256 |a Servicio en ln̕ea 
260 |a Madrid:  |b Erdesa,  |c 2001 
300 |a p. ;  |c cm 
506 1 |a Contenido solo disponible en los productos indicados  |d vLex Global  |d vLex Global (Academic Edition, excluding Law Schools)  |d vLex Global (U.S. Academic Edition, Law Schools)  |d vLex Global (U.S. Academic Edition, excluding Law Schools)  |d vLex Global (Academic Edition, Law Schools) 
650 0 7 |a Tributario  |2 Tesauro vLex 
650 0 7 |a Derecho tributario  |2 Tesauro vLex 
650 0 7 |a Derecho fiscal  |2 Tesauro vLex 
700 1 |a Calvo Ortega, Rafael,  |e dir. 
740 0 |a vLex Libros (Servicios en ln̕ea) 
856 4 0 |u http://vlex.com/source/204  |z Acceso restringido 
942 |c BOOK 
999 0 |a Taxation  |b Madrid